000 00747nam a2200229Ia 4500
003 GCL
008 140319s9999 xx 000 0 ara d
040 _aGCL /
_cGCL
082 0 4 _a956
_bف س
100 1 _aفرومكين، دافيد
245 1 0 _aسلام ما بعده سلام: ولادة الشرق الاوسط 1922-1914 /
_cفرومكين، دافيد
700 1 _aاسعد كامل الياس
260 _a[S.N] :
_bرياض الريس للكتب والنشر ،
_c1992
300 _a650 ص
490 _a
650 0 4 _aالعالم العربى
650 0 4 _aتاريخ
650 0 4 _aالاحوال السياسية
650 0 4 _aالشرق الاوسط
650 0 4 _aالاحتلال البريطانى
942 _2ddc
_cBK
999 _c55471
_d55471